Neethi Kathaigal (Record no. 172430)

MARC details
000 -LEADER
fixed length control field 00662nam a22002177i 4500
005 - DATE AND TIME OF LATEST TRANSACTION
control field 20190423160120.0
008 - FIXED-LENGTH DATA ELEMENTS--GENERAL INFORMATION
fixed length control field 190423s2016 ii a|||g |||| 00| 1 tam d
020 ## - INTERNATIONAL STANDARD BOOK NUMBER
International Standard Book Number 9789836804563
Terms of availability RM12.00
Qualifying information paperback
040 ## - CATALOGING SOURCE
Original cataloging agency PPAK
Language of cataloging eng
Transcribing agency PPAK
Description conventions rda
082 04 - DEWEY DECIMAL CLASSIFICATION NUMBER
Edition number 23
Classification number 398.20494811
090 00 - LOCALLY ASSIGNED LC-TYPE CALL NUMBER (OCLC); LOCAL CALL NUMBER (RLIN)
Classification number (OCLC) (R) ; Classification number, CALL (RLIN) (NR) 398.20494811
Feature heading NEE
Feature heading K
245 00 - TITLE STATEMENT
Title Neethi Kathaigal
264 #1 - PRODUCTION, PUBLICATION, DISTRIBUTION, MANUFACTURE, AND COPYRIGHT NOTICE
Place of production, publication, distribution, manufacture Chennai, India :
Name of producer, publisher, distributor, manufacturer Minerva Publications,
Date of production, publication, distribution, manufacture, or copyright notice 2016
300 ## - PHYSICAL DESCRIPTION
Extent 93 pages :
Other physical details illustrations ;
Dimensions 18 cm
336 ## - CONTENT TYPE
Source rdacontent
Content type term text
337 ## - MEDIA TYPE
Source rdamedia
Media type term unmediated
338 ## - CARRIER TYPE
Source rdacarrier
Carrier type term volume
650 10 - SUBJECT ADDED ENTRY--TOPICAL TERM
Topical term or geographic name entry element Folklore
Form subdivision Juvenile literature
Topical term or geographic name entry element Tales
Form subdivision Juvenile literature
942 ## - ADDED ENTRY ELEMENTS (KOHA)
Source of classification or shelving scheme Dewey Decimal Classification
Koha item type Book
Holdings
Withdrawn Not for loan Current library Shelving location Date acquired Total Checkouts Total Renewals Full call number Barcode Date last seen Date last checked out Koha item type
    Perpustakaan Alor Setar Pinjaman Kanak-kanak 28/05/2019 1 1 K 398.20494811 NEE A01599147 12/02/2020 02/01/2020 Book
    Perpustakaan Kulim Pinjaman Kanak-kanak 28/05/2019 6   K 398.20494811 NEE A01599148 17/03/2026 24/02/2026 Book